Техническое оснащение торговых организаций и охрана труда (Запись № 11531939)

Подробности
000 -МАРКЕР
контрольное поле 02167nam0a2200337 i 4500
001 - ИДЕНТИФИКАТОР ЗАПИСИ
контрольное поле RU\NLR\BIBL_A\012027095
005 - ИДЕНТИФИКАТОР ВЕРСИИ
контрольное поле 20241103111830.0
010 ## - МЕЖДУНАРОДНЫЙ СТАНДАРТНЫЙ НОМЕР КНИГИ (ISBN)
Номер (ISBN) 978590716706
Тираж 100
021 ## - НОМЕР ГОСУДАРСТВЕННОЙ РЕГИСТРАЦИИ
Код страны российская федерация
Номер 2019-35015
Номер Листа государственной регистраци КН-П-2586
035 ## - ДРУГИЕ СИСТЕМНЫЕ НОМЕРА
Идентификатор записи (RuMoRGB)009978131
035 ## - ДРУГИЕ СИСТЕМНЫЕ НОМЕРА
Идентификатор записи (NLR Aleph) 012027095
100 ## - ДАННЫЕ ОБЩЕЙ ОБРАБОТКИ
Данные общей обработки 20190531d2018 um y0rusy50 ca
101 0# - ЯЗЫК РЕСУРСА
Язык текста, звукозаписи и т.д. русский
102 ## - СТРАНА ПУБЛИКАЦИИ ИЛИ ПРОИЗВОДСТВА
Страна публикации российская федерация
105 ## - ПОЛЕ КОДИРОВАННЫХ ДАННЫХ: ТЕКСТОВЫЕ МАТЕРИАЛЫ, МОНОГРАФИЧЕСКИЕ
Кодированные данные о монографическом текстовом документе y|||j|||000zy
200 1# - ЗАГЛАВИЕ И СВЕДЕНИЯ ОБ ОТВЕТСТВЕННОСТИ
Основное заглавие Техническое оснащение торговых организаций и охрана труда
Сведения, относящиеся к заглавию учебное пособие для специальности 38.02.04 "Коммерция (по отраслям)"
Первые сведения об ответственности Дедкова Е. В., Кривдина О. А., Шошина Е. Г.
Последующие сведения об ответственности Автономная некоммерческая организация высшего образования "Белгородский университет кооперации, экономики и права", Курский институт кооперации (филиал), Кафедра товароведно-технологических дисциплин
210 ## - ПУБЛИКАЦИЯ, РАСПРОСТРАНЕНИЕ И ДР.
Место издания, распространения и т.д. Курск
Имя издателя, распространителя и т. д. Курский институт кооперации (филиал) АНО ВО "Белгородский университет кооперации, экономики и права"
Дата издания, распространения и т.д. 2018
215 ## - ФИЗИЧЕСКАЯ ХАРАКТЕРИСТИКА
Специфическое обозначение материала и объем 100 с.
Размеры 21
320 ## - ПРИМЕЧАНИЯ О НАЛИЧИИ В ДОКУМЕНТЕ БИБЛИОГРАФИИ / УКАЗАТЕЛЯ
Текст примечания Библиогр.: с. 96
606 ## - НАИМЕНОВАНИЕ ТЕМЫ КАК ПРЕДМЕТ
Наименование темы Торговые предприятия
Формальный подзаголовок Учебные издания для высших учебных заведений
Тематический подзаголовок Оборудование
Системный номер авторитетной/нормативной записи 1358678
Идентификатор авторитетной/нормативной записи RU\NLR\AUTH\66253707
606 1# - НАИМЕНОВАНИЕ ТЕМЫ КАК ПРЕДМЕТ
Наименование темы Работники торговли
Формальный подзаголовок Учебные издания для высших учебных заведений
Тематический подзаголовок Охрана труда
Системный номер авторитетной/нормативной записи 1964967
Идентификатор авторитетной/нормативной записи RU\NLR\AUTH\66899859
686 1# - ИНДЕКСЫ ДРУГИХ КЛАССИФИКАЦИЙ
Индекс У42(2)1-571.14я73
686 1# - ИНДЕКСЫ ДРУГИХ КЛАССИФИКАЦИЙ
Индекс У24(2)795.42я73
700 #1 - ИМЯ ЛИЦА - ПЕРВИЧНАЯ ОТВЕТСТВЕННОСТЬ
Начальный элемент ввода Дедкова
Часть имени, кроме начального элемента ввода Е. Г.
Дополнения к именам, кроме дат канд. экон. наук
Расширение инициалов личного имени Елена Геннадьевна
Системный номер авторитетной/нормативной записи 196895
Идентификатор авторитетной/нормативной записи RU\NLR\AUTH\770196946
701 #1 - ИМЯ ЛИЦА - АЛЬТЕРНАТИВНАЯ ОТВЕТСТВЕННОСТЬ
Начальный элемент ввода Кривдина
Часть имени, кроме начального элемента ввода О. А.
701 #1 - ИМЯ ЛИЦА - АЛЬТЕРНАТИВНАЯ ОТВЕТСТВЕННОСТЬ
Начальный элемент ввода Шошина
Часть имени, кроме начального элемента ввода Е. Г.
942 ## - ДОПОЛНИТЕЛЬНЫЕ ЭЛЕМЕНТЫ ЗАПИСИ (АБИС)
Тип экземпляра АБИС Книга
980 ## - КОЛЛЕКЦИЯ
Название коллекции НБР

Нет доступных экземпляров.